Diarios de Bolivia.
Guardado en:
| Format: | Ukendt |
|---|---|
| Sprog: | Spanish |
| Udgivet: |
Caracas, Venezuela :
Ediciones Bárbara,
1970.
|
| Serier: | (Serie Negra Ensayos / Documentos)
|
| Fag: | |
| Tags: |
Tilføj Tag
Ingen Tags, Vær først til at tagge denne postø!
|
MARC
| LEADER | 000000000a22000000004500 | ||
|---|---|---|---|
| 001 | 003420 | ||
| 041 | 0 | |a spa | |
| 082 | 0 | 4 | |a 984.052.092.2B |b D539d |
| 245 | 0 | 0 | |a Diarios de Bolivia. |
| 260 | 1 | |a Caracas, Venezuela : |b Ediciones Bárbara, |c 1970. | |
| 300 | |a 163 páginas ; |c 20 cm. | ||
| 490 | 1 | |a (Serie Negra Ensayos / Documentos) | |
| 505 | |a Contenido: Diario de Rolando, Diario de Pombo y el Diario de Braulio, compañeros de combate del comandante Ernesto Che Guevara. | ||
| 650 | 4 | |a GUERRILLAS | |
| 650 | 4 | |a BOLIVIA | |
| 650 | 4 | |a HISTORIA | |
| 650 | 4 | |a 1938 | |
| 999 | |c 9645 |d 9645 | ||
| 942 | |c BK |h 984.052.092.2B D539d |2 z | ||
